Quản lý chất thải rắn đô thị
Những vấn đề chung về quản lý chất thải rắn. Nguồn phát sinh, thành phần và tính chất quản lý chất thải rắn sinh hoạt đô thị. Thu gom, vận chuyển chất thải rắn sinh hoạt đô thị. Các phương pháp xử lý chất thải rắn đô thị. Thu hồi, tái chế chất thải rắn đô thị. Bãi chôn lấp chất thải rắn đô thị. Quản...
Bewaard in:
| Hoofdauteur: | |
|---|---|
| Andere auteurs: | , , |
| Formaat: | Boek |
| Taal: | Vietnamese |
| Gepubliceerd in: |
H.
Xây dựng
2012
|
| Editie: | Tái bản |
| Onderwerpen: | |
| Tags: |
Voeg label toe
Geen labels, Wees de eerste die dit record labelt!
|
| Thư viện lưu trữ: | Mạng thư viện Đại học Đà Nẵng |
|---|
| LEADER | 01971aam a22004578a 4500 | ||
|---|---|---|---|
| 001 | 000018588 | ||
| 003 | 15022 | ||
| 005 | 20131129101112.0 | ||
| 008 | 131128s2012 viesd | ||
| 020 | |c 89000đ |d 1000b | ||
| 041 | |a vie | ||
| 082 | |2 14 |a 628.44 |b CU-Đ | ||
| 084 | |b GI000T | ||
| 084 | |a Ê16z73 | ||
| 100 | 1 | |a Cù Huy Đấu | |
| 245 | 1 | 0 | |a Quản lý chất thải rắn đô thị |c Cù Huy Đấu (ch.b.), Trần Thị Hường |
| 246 | |a Quản lí chất thải rắn đô thị | ||
| 250 | |a Tái bản | ||
| 260 | |a H. |b Xây dựng |c 2012 | ||
| 300 | |a 268 tr. |b bảng |c 24 cm. | ||
| 504 | |a Thư mục 263-267 | ||
| 520 | |a Những vấn đề chung về quản lý chất thải rắn. Nguồn phát sinh, thành phần và tính chất quản lý chất thải rắn sinh hoạt đô thị. Thu gom, vận chuyển chất thải rắn sinh hoạt đô thị. Các phương pháp xử lý chất thải rắn đô thị. Thu hồi, tái chế chất thải rắn đô thị. Bãi chôn lấp chất thải rắn đô thị. Quản lý chất thải rắn công nghiệp. Quản lý chất thải rắny tế | ||
| 650 | 0 | 4 | |2 Bộ TK TVQG |a Chất thải rắn |x Quản lý |
| 650 | 0 | 4 | |2 Bộ TK TVQG |a Xử lý chất thải |
| 650 | 7 | |2 Bộ TK TVQG | |
| 653 | |a Chất thải rắn | ||
| 653 | |a Xử lí chất thải | ||
| 655 | 7 | |2 Bộ TK TVQG |a Giáo trình | |
| 700 | 1 | |a Trần Thị Hường |c TS. | |
| 700 | 1 | |a Vũ Thị Hoan | |
| 700 | 1 | |a Nguyễn Xuân Thành | |
| OWN | |a LSP | ||
| AVA | |a UDN50 |b LSP |d 628.44 CU-Đ |e available |t Error 5001 Not defined in file expand_doc_bib_avail. |f 5 |g 0 |h N |i 1 |k 1 | ||
| 999 | |a From the UDN01 | ||
| AVA | |a UDN50 |b LSP |d 628.44 CU-Đ |e available |t Error 5001 Not defined in file expand_doc_bib_avail. |f 5 |g 0 |h N |i 1 |k 1 | ||
| TYP | |a Monograph | ||
| TYP | |a Printed language | ||
| 980 | |a Mạng thư viện Đại học Đà Nẵng | ||